000 00348pab a2200157 454500
008 180718b1998 xxu||||| |||| 00| 0 eng d
100 _aMehta, Suresh
245 _aFuture of RRBs - some concerns
260 _c1998
300 _ap.10-13
362 _aAug
650 _aCredit
650 _aBanks
773 _aBanking Finance
909 _a39088
999 _c39088
_d39088